[Event "Paul Keres mem (26th)"]
[Site "Vancouver CAN"]
[Date "2001.05.20"]
[Round "5.5"]
[White "Poitras, Luc"]
[Black "Stanford, Mike"]
[Result "1/2-1/2"]
[WhiteElo "2208"]
[BlackElo "2019"]
[PlyCount "43"]
[GameId "2160767911564757"]
[EventDate "2001.05.18"]
[EventType "swiss"]
[EventRounds "7"]
[EventCountry "CAN"]

1. e4 c5 2. Nf3 e6 3. d4 cxd4 4. Nxd4 Nf6 5. Nc3 d6 6. Bc4 a6 7. Bb3 Nbd7 8. O-O Nc5 9. Re1 b5 10. Bg5 Bb7 11. f3 Be7 12. Be3 O-O 13. Qe2 Qc7 14. Qf2 d5 15. exd5 Nxb3 16. Nxb3 Bd6 17. g3 Nxd5 18. Ne4 Nxe3 19. Qxe3 Be7 20. c3 Rfd8 21. Rad1 Bd5 22. Kg2 1/2-1/2

[Event "Paul Keres mem (26th)"]
[Site "Vancouver CAN"]
[Date "2001.05.20"]
[Round "5.6"]
[White "Huber, Gregory"]
[Black "Shamilov, Eduard"]
[Result "1/2-1/2"]
[WhiteElo "2333"]
[BlackElo "2239"]
[PlyCount "125"]
[GameId "2160767911564758"]
[EventDate "2001.05.18"]
[EventType "swiss"]
[EventRounds "7"]
[EventCountry "CAN"]

1. e4 c5 2. Nc3 Nc6 3. Nge2 g6 4. d4 cxd4 5. Nxd4 Bg7 6. Nde2 d6 7. g3 Nf6 8. Bg2 O-O 9. O-O Be6 10. a4 a6 11. h3 Qc8 12. Kh2 Rb8 13. Nd5 Bxd5 14. exd5 Ne5 15. b3 Qc7 16. Ra2 e6 17. Nf4 Rfe8 18. Ba3 Rbd8 19. c4 b5 20. axb5 axb5 21. cxb5 Qb6 22. Rd2 Bf8 23. Kg1 Qa5 24. Bb2 Qxb5 25. dxe6 fxe6 26. Re1 Nfd7 27. Nxe6 Rxe6 28. Bd5 Rde8 29. f4 Qxd5 30. Rxd5 Nf3+ 31. Qxf3 Rxe1+ 32. Kf2 Nc5 33. b4 Rb1 34. Qa3 Ne4+ 35. Kg2 Re1 36. Qb3 Re2+ 37. Kf1 Nxg3+ 38. Qxg3 Rxb2 39. b5 Ra8 40. Qe1 Bg7 41. Qe6+ Kh8 42. Qxd6 h6 43. Rd2 Rxb5 44. Qxg6 Rf8 45. Rf2 Rbf5 46. Qd6 Kh7 47. Ke2 Be5 48. fxe5 Rxf2+ 49. Kd3 R8f3+ 50. Kc4 Rc2+ 51. Kb4 Rb2+ 52. Ka4 Ra2+ 53. Kb5 Raa3 54. Qe7+ Kg6 55. Qe6+ Kg7 56. h4 h5 57. Qe7+ Kg8 58. Qe8+ Kg7 59. Qe7+ Kg8 60. Qg5+ Kf7 61. Qh6 Rae3 62. e6+ Ke7 63. Qxh5 1/2-1/2

[Event "Paul Keres mem (26th)"]
[Site "Vancouver CAN"]
[Date "2001.05.20"]
[Round "5.7"]
[White "Caluza, Juni"]
[Black "Gentes, Kevin"]
[Result "0-1"]
[WhiteElo "1877"]
[BlackElo "2365"]
[PlyCount "56"]
[GameId "2160767911564759"]
[EventDate "2001.05.18"]
[EventType "swiss"]
[EventRounds "7"]
[EventCountry "CAN"]

1. d4 Nf6 2. c4 e6 3. Nf3 c5 4. e3 b6 5. Nc3 Bb7 6. Bd3 a6 7. O-O Be7 8. Re1 O-O 9. Bf1 cxd4 10. exd4 d5 11. cxd5 Nxd5 12. Nxd5 Bxd5 13. Ne5 Nd7 14. Nd3 Qc8 15. Bf4 Qb7 16. Qd2 Nf6 17. f3 Rac8 18. a3 Rfd8 19. Rac1 a5 20. Nf2 a4 21. Be5 Nd7 22. Bg3 Bb3 23. Qf4 h6 24. Ne4 Nf6 25. Rxc8 Qxc8 26. Rc1 Qa8 27. Nxf6+ Bxf6 28. Bf2 Bg5 0-1

[Event "Paul Keres mem (26th)"]
[Site "Vancouver CAN"]
[Date "2001.05.20"]
[Round "5.8"]
[White "North, Robert"]
[Black "Gardner, Robert"]
[Result "1/2-1/2"]
[WhiteElo "2117"]
[BlackElo "2333"]
[PlyCount "61"]
[GameId "2160767911564760"]
[EventDate "2001.05.18"]
[EventType "swiss"]
[EventRounds "7"]
[EventCountry "CAN"]

1. c4 f5 2. g3 g6 3. Bg2 Nf6 4. Nc3 Bg7 5. Nf3 O-O 6. O-O d6 7. d3 e5 8. e4 Nc6 9. Nd5 Ne7 10. Ne1 Nexd5 11. cxd5 f4 12. gxf4 exf4 13. d4 Bg4 14. f3 Bh5 15. Qb3 g5 16. Bd2 Nxe4 17. fxe4 Bxd4+ 18. Kh1 Be2 19. Nf3 Bxf1 20. Nxd4 Bxg2+ 21. Kxg2 g4 22. Nf5 Qg5 23. Qd3 Rae8 24. Rh1 Rxe4 25. Qxe4 Qxf5 26. Qe6+ Rf7 27. Bc3 h5 28. Qe8+ Rf8 29. Qe6+ Rf7 30. Qe8+ Rf8 31. Qe6+ 1/2-1/2

[Event "Paul Keres mem (26th)"]
[Site "Vancouver CAN"]
[Date "2001.05.20"]
[Round "5.9"]
[White "Morgan, Ben"]
[Black "Adam, Valerian"]
[Result "1-0"]
[WhiteElo "2439"]
[BlackElo "2298"]
[PlyCount "99"]
[GameId "2160767911564761"]
[EventDate "2001.05.18"]
[EventType "swiss"]
[EventRounds "7"]
[EventCountry "CAN"]

1. e4 e5 2. Bc4 Bc5 3. Nf3 Nc6 4. c3 d6 5. O-O Nf6 6. d3 h6 7. Nbd2 O-O 8. h3 a5 9. Re1 Be6 10. Bb5 Na7 11. Ba4 b5 12. Bc2 Nc6 13. Qe2 Re8 14. d4 exd4 15. Qxb5 dxc3 16. bxc3 Bd7 17. Qc4 Bb6 18. Nb3 Ne5 19. Nxe5 Rxe5 20. Qf1 Nh5 21. Nd4 Qf6 22. g3 Rae8 23. Bd2 R5e7 24. Qd3 Qg6 25. Kh2 c5 26. Nf5 Bxf5 27. exf5 Qf6 28. c4 Rxe1 29. Rxe1 Rxe1 30. Bxe1 Qe7 31. Bc3 Nf6 32. Kg2 Qb7+ 33. Qf3 Qxf3+ 34. Kxf3 Kf8 35. Bb3 Ke7 36. g4 Bd8 37. Ke3 Kd7 38. f4 Kc6 39. Ba4+ Kb6 40. Bb3 Ne8 41. Ba4 Nf6 42. g5 Nh7 43. f6 gxf6 44. gxh6 f5 45. Bc2 Bf6 46. Bxf6 Nxf6 47. Bxf5 a4 48. h7 Nxh7 49. Bxh7 Ka5 50. a3 1-0

[Event "Paul Keres mem (26th)"]
[Site "Vancouver CAN"]
[Date "2001.05.20"]
[Round "5.10"]
[White "Milicevic, Dragoljub"]
[Black "Berrocoso, Tony"]
[Result "1-0"]
[WhiteElo "2353"]
[BlackElo "2053"]
[PlyCount "79"]
[GameId "2160767911564762"]
[EventDate "2001.05.18"]
[EventType "swiss"]
[EventRounds "7"]
[EventCountry "CAN"]

1. Nf3 Nf6 2. g3 c5 3. c4 Nc6 4. Bg2 d6 5. O-O g6 6. Nc3 Bg7 7. d3 O-O 8. e4 e5 9. h3 a6 10. Be3 Nd4 11. Bxd4 cxd4 12. Ne2 Qe7 13. Nd2 Ne8 14. Qb3 Bh6 15. f4 Rb8 16. a4 b6 17. Qa3 Qd8 18. Nf3 f6 19. Kh2 Rf7 20. b4 Bf8 21. Qa2 Be6 22. g4 Rc7 23. Qd2 b5 24. cxb5 axb5 25. a5 Qc8 26. Rac1 Qb7 27. g5 Be7 28. gxf6 Bxf6 29. Nfxd4 Rxc1 30. Qxc1 exd4 31. e5 Bd5 32. Bxd5+ Qxd5 33. exf6 Nxf6 34. Qb2 Re8 35. Nxd4 Nh5 36. Qf2 Rf8 37. Qe3 Rf6 38. Rf2 Kf7 39. Qe4 Qxe4 40. dxe4 1-0

[Event "Paul Keres mem (26th)"]
[Site "Vancouver CAN"]
[Date "2001.05.20"]
[Round "5.11"]
[White "Herder, David"]
[Black "Leblanc, Paul"]
[Result "0-1"]
[WhiteElo "2300"]
[BlackElo "2107"]
[PlyCount "44"]
[GameId "2160767911564763"]
[EventDate "2001.05.18"]
[EventType "swiss"]
[EventRounds "7"]
[EventCountry "CAN"]

1. e4 c6 2. d4 d5 3. Nd2 dxe4 4. Nxe4 Bf5 5. Ng3 Bg6 6. N1e2 e6 7. Nf4 Bd6 8. h4 Ne7 9. Nxg6 Nxg6 10. h5 Ne7 11. Ne4 Bc7 12. h6 Qd5 13. Qf3 Nd7 14. hxg7 Rg8 15. Rxh7 Qxd4 16. Bd2 Qxb2 17. Bc3 Qxc2 18. Bd3 Qa4 19. Ng5 Qf4 20. Qh5 Ba5 21. Ne4 Bxc3+ 22. Nxc3 Qd4 0-1

[Event "Paul Keres mem (26th)"]
[Site "Vancouver CAN"]
[Date "2001.05.20"]
[Round "5.12"]
[White "Fairbairn, Stephen"]
[Black "Illijin, Neboisa"]
[Result "0-1"]
[WhiteElo "2015"]
[BlackElo "2169"]
[PlyCount "74"]
[GameId "2160767911564764"]
[EventDate "2001.05.18"]
[EventType "swiss"]
[EventRounds "7"]
[EventCountry "CAN"]

1. e4 c5 2. Nf3 e6 3. d4 cxd4 4. Nxd4 a6 5. Bd3 Qb6 6. Nb3 Qc7 7. O-O Nf6 8. c4 d6 9. Nc3 Be7 10. Qe2 Nbd7 11. f4 b6 12. Nd4 Bb7 13. Bd2 g6 14. Nf3 O-O 15. Rae1 Rfe8 16. e5 Nh5 17. Ng5 Bxg5 18. exd6 Qc5+ 19. Be3 Nxf4 20. Rxf4 Qe5 21. Rd4 Qxe3+ 22. Qxe3 Bxe3+ 23. Rxe3 e5 24. Rh4 f5 25. Reh3 Nf6 26. Na4 e4 27. Be2 Rad8 28. c5 bxc5 29. Nxc5 Bc8 30. Bc4+ Kg7 31. d7 Bxd7 32. Nxa6 Be6 33. Bb5 Rd1+ 34. Kf2 Red8 35. Rc3 R1d2+ 36. Kg3 g5 37. Rc7+ Kg6 0-1

[Event "Paul Keres mem (26th)"]
[Site "Vancouver CAN"]
[Date "2001.05.20"]
[Round "5.13"]
[White "Wu, Howard"]
[Black "Long, Hugh"]
[Result "1-0"]
[WhiteElo "2217"]
[BlackElo "1878"]
[PlyCount "67"]
[GameId "2160767911564765"]
[EventDate "2001.05.18"]
[EventType "swiss"]
[EventRounds "7"]
[EventCountry "CAN"]

1. e4 d5 2. exd5 Nf6 3. c4 c6 4. d4 cxd5 5. Nc3 Bg4 6. Qb3 e6 7. Qxb7 Nbd7 8. c5 Nxc5 9. dxc5 Bxc5 10. Qc6+ Nd7 11. Bb5 O-O 12. Qxd7 Qf6 13. Be3 Rfd8 14. Qc7 Bd6 15. Qa5 d4 16. Ne4 Qe5 17. Nxd6 dxe3 18. Nc4 exf2+ 19. Kxf2 Qf5+ 20. Nf3 Bxf3 21. Ne3 Qh5 22. gxf3 Rab8 23. Rad1 Qh4+ 24. Ke2 Rxd1 25. Nxd1 Qg5 26. a4 Rd8 27. Ne3 a6 28. Qxa6 Qe5 29. Bd3 Qxb2+ 30. Bc2 Qe5 31. Qb5 Qc3 32. Rd1 Rc8 33. Qd3 Qf6 34. Qxh7+ 1-0

[Event "Paul Keres mem (26th)"]
[Site "Vancouver CAN"]
[Date "2001.05.20"]
[Round "5.14"]
[White "Haukenfrers, Dale"]
[Black "Nguyen, Kim"]
[Result "1-0"]
[WhiteElo "2201"]
[BlackElo "2015"]
[PlyCount "91"]
[GameId "2160767911564766"]
[EventDate "2001.05.18"]
[EventType "swiss"]
[EventRounds "7"]
[EventCountry "CAN"]

1. d3 g6 2. h4 d5 3. h5 gxh5 4. Bg5 h6 5. Bh4 Bg7 6. c3 c6 7. Qb3 Nd7 8. Rh3 Nc5 9. Qa3 Bxh3 10. Nxh3 Ne6 11. e4 Nf6 12. Nd2 O-O 13. e5 Ng4 14. Bxe7 Qb6 15. d4 Rfe8 16. O-O-O Bf8 17. Bxf8 Rxf8 18. Bd3 Kh8 19. Nf1 c5 20. f3 cxd4 21. fxg4 dxc3 22. gxh5 Rac8 23. bxc3 Nc5 24. Bc2 Rfd8 25. Qb4 Qxb4 26. cxb4 Ne4 27. Kb2 Nc3 28. Rd4 Nb5 29. Rf4 Rg8 30. g3 Rg7 31. Rf6 Rc6 32. Nf4 Rxf6 33. exf6 Rg5 34. Bb3 Nc7 35. Kc3 Rf5 36. Kd4 Ne6+ 37. Ke3 Nxf4 38. gxf4 Rxh5 39. Ng3 Rh3 40. Kf3 Kh7 41. Bxd5 Kg6 42. Kg4 Rh2 43. Nh5 Rxh5 44. Be4+ Rf5 45. Bxf5+ Kxf6 46. Be4 1-0

[Event "Paul Keres mem (26th)"]
[Site "Vancouver CAN"]
[Date "2001.05.20"]
[Round "5.15"]
[White "Chapman, Erik"]
[Black "Franett, Michael"]
[Result "1-0"]
[WhiteElo "2021"]
[BlackElo "2133"]
[PlyCount "75"]
[GameId "2160767911564767"]
[EventDate "2001.05.18"]
[EventType "swiss"]
[EventRounds "7"]
[EventCountry "CAN"]

1. e4 c5 2. Nf3 a6 3. c4 Nc6 4. d4 cxd4 5. Nxd4 Nf6 6. Nc3 Qc7 7. Be2 e6 8. f4 d6 9. Nf3 Be7 10. h3 O-O 11. O-O b6 12. a3 Bb7 13. Be3 Na5 14. Nd2 d5 15. cxd5 exd5 16. e5 Nd7 17. Bd3 Nc4 18. Nxc4 dxc4 19. Be4 Bxe4 20. Nxe4 Rfd8 21. Qh5 Nf8 22. Rf3 Qc6 23. Ng5 Bxg5 24. Qxg5 b5 25. f5 f6 26. exf6 Qxf6 27. Qxf6 gxf6 28. Bh6 Rd3 29. Rxd3 cxd3 30. Rd1 Rd8 31. Kf2 Rd5 32. g4 Nd7 33. Bf4 Nb6 34. b3 a5 35. Bc7 Nc4 36. bxc4 bxc4 37. Ke3 Rc5 38. Bf4 1-0

[Event "Paul Keres mem (26th)"]
[Site "Vancouver CAN"]
[Date "2001.05.20"]
[Round "5.16"]
[White "Sladek, Vaclav"]
[Black "Kostadinov, George"]
[Result "1/2-1/2"]
[WhiteElo "2000"]
[BlackElo "2126"]
[PlyCount "73"]
[GameId "2160767911564768"]
[EventDate "2001.05.18"]
[EventType "swiss"]
[EventRounds "7"]
[EventCountry "CAN"]

1. d4 c5 2. e3 d5 3. Nf3 Nf6 4. Be2 Nc6 5. O-O e6 6. c4 Bd6 7. Nc3 O-O 8. b3 Ne4 9. Bb2 cxd4 10. Nxe4 dxe4 11. Nxd4 f5 12. Nxc6 bxc6 13. g3 Qe7 14. Qc2 a5 15. Rfd1 c5 16. Rd2 Bc7 17. Rad1 Ra6 18. Bf1 g5 19. Bg2 g4 20. Bc3 h5 21. Qb2 e5 22. a3 h4 23. Qb1 hxg3 24. hxg3 f4 25. exf4 exf4 26. Qxe4 Re6 27. Qd5 fxg3 28. Re1 gxf2+ 29. Rxf2 Rxf2 30. Kxf2 Qh4+ 31. Kf1 Qe7 32. Rxe6 Bxe6 33. Qe4 Qf7+ 34. Kg1 Qf5 35. Qa8+ Bc8 36. Be4 Qd7 37. Bc2 1/2-1/2

[Event "Paul Keres mem (26th)"]
[Site "Vancouver CAN"]
[Date "2001.05.20"]
[Round "5.17"]
[White "Kaptsan, Aron"]
[Black "Angelvette, Duane"]
[Result "1-0"]
[WhiteElo "2147"]
[BlackElo "1656"]
[PlyCount "87"]
[GameId "2160767911564769"]
[EventDate "2001.05.18"]
[EventType "swiss"]
[EventRounds "7"]
[EventCountry "CAN"]

1. d4 Nf6 2. c4 e5 3. dxe5 Ng4 4. e4 Nxe5 5. f4 Nec6 6. Be3 Bb4+ 7. Nd2 Qe7 8. Bd3 Na6 9. Ngf3 Nc5 10. Qc2 Bxd2+ 11. Bxd2 d6 12. O-O Bg4 13. Bc3 Bxf3 14. Rxf3 Ne6 15. Qf2 f6 16. Re1 a5 17. b3 O-O-O 18. a3 Nc5 19. Bc2 Rhe8 20. b4 axb4 21. axb4 Nd7 22. b5 Ncb8 23. Bb4 Nc5 24. e5 Nbd7 25. exd6 Qxd6 26. Rd1 Ne4 27. Rxd6 Nxf2 28. Rxd7 Rxd7 29. Kxf2 Kb8 30. Bxh7 Rh8 31. Bf5 Rd4 32. Be6 Rxh2 33. Ke3 Rd8 34. Rg3 Re8 35. f5 g5 36. Kf2 Rh4 37. Rh3 Rf4+ 38. Kg3 Rd8 39. Rh6 Rd3+ 40. Kh2 Rh4+ 41. Rxh4 gxh4 42. Be7 c6 43. bxc6 bxc6 44. Bxf6 1-0

[Event "Paul Keres mem (26th)"]
[Site "Vancouver CAN"]
[Date "2001.05.20"]
[Round "5.19"]
[White "Keshet, Joshua"]
[Black "Zemitis, Valdemars"]
[Result "1/2-1/2"]
[WhiteElo "1866"]
[BlackElo "1841"]
[PlyCount "44"]
[GameId "2160767911564770"]
[EventDate "2001.05.18"]
[EventType "swiss"]
[EventRounds "7"]
[EventCountry "CAN"]

1. e4 e5 2. Nf3 f5 3. d3 d6 4. Nc3 Nf6 5. Be2 Be7 6. h4 Nc6 7. Bd2 Nd4 8. g3 Be6 9. Ng5 Qd7 10. a4 d5 11. Nxe6 Qxe6 12. exf5 Qxf5 13. g4 Qe6 14. g5 Nxe2 15. Qxe2 Nd7 16. Nb5 Bd8 17. Bc3 c6 18. Nd4 Qf7 19. Rh3 O-O 20. Rf3 Qe7 21. Nf5 Qe6 22. Nd4 Qe7 1/2-1/2

[Event "Paul Keres mem (26th)"]
[Site "Vancouver CAN"]
[Date "2001.05.20"]
[Round "5.20"]
[White "McPherson, Tristram"]
[Black "Veszely, Frank"]
[Result "1-0"]
[WhiteElo "2094"]
[BlackElo "1946"]
[PlyCount "77"]
[GameId "2160767911564771"]
[EventDate "2001.05.18"]
[EventType "swiss"]
[EventRounds "7"]
[EventCountry "CAN"]

1. d4 Nf6 2. Nc3 d5 3. e4 Nxe4 4. Nxe4 dxe4 5. Be3 c6 6. Bc4 Bf5 7. f3 e6 8. g4 Bg6 9. f4 Be7 10. g5 Qb6 11. Bb3 h6 12. Qd2 hxg5 13. fxg5 Qd8 14. O-O-O a5 15. c3 a4 16. Bc2 b5 17. Ne2 Nd7 18. Ng3 Nb6 19. h4 Nc4 20. Qe1 b4 21. cxb4 Bxb4 22. Qxb4 Nxe3 23. Rd2 Nxc2 24. Rxc2 Qc7 25. Rc3 Qf4+ 26. Kd1 e3 27. Ne2 Qf3 28. Re1 Rxh4 29. Qc5 Rc8 30. Qe5 Rxd4+ 31. Kc1 Re4 32. Qxg7 Rg4 33. Qh8+ Kd7 34. Rd1+ Kc7 35. Qe5+ Kb7 36. Qa5 Rd4 37. Rxd4 Qf1+ 38. Rd1 Qf5 39. Rd7+ 1-0

[Event "Paul Keres mem (26th)"]
[Site "Vancouver CAN"]
[Date "2001.05.20"]
[Round "5.21"]
[White "Dekker, Case"]
[Black "Pitre, Hanniegn"]
[Result "0-1"]
[WhiteElo "1534"]
[BlackElo "2007"]
[PlyCount "66"]
[GameId "2160767911564772"]
[EventDate "2001.05.18"]
[EventType "swiss"]
[EventRounds "7"]
[EventCountry "CAN"]

1. d4 Nf6 2. c3 d5 3. Nf3 Nc6 4. e3 a6 5. Bd3 Bg4 6. Nbd2 e5 7. Be2 Bxf3 8. Nxf3 Bd6 9. dxe5 Nxe5 10. h3 Qd7 11. Qc2 O-O 12. Nd4 Ne4 13. Bd3 f5 14. f4 Nxd3+ 15. Qxd3 Ng3 16. Rg1 Rae8 17. Ne2 Nxe2 18. Kxe2 Bxf4 19. Kf3 Bh2 20. Re1 f4 21. Ke2 Bg3 22. Rf1 c5 23. Rf3 c4 24. Qd4 Re4 25. Qa7 g5 26. Bd2 Rfe8 27. Raf1 Qb5 28. Bc1 d4 29. Rxg3 fxg3 30. Rf3 dxc3 31. bxc3 Qb1 32. Bd2 Qd3+ 33. Ke1 Rd8 0-1

[Event "Paul Keres mem (26th)"]
[Site "Vancouver CAN"]
[Date "2001.05.20"]
[Round "5.22"]
[White "Kerry, James"]
[Black "Pivovarov, Juraj"]
[Result "1-0"]
[WhiteElo "2034"]
[BlackElo "1807"]
[PlyCount "53"]
[GameId "2160767911564773"]
[EventDate "2001.05.18"]
[EventType "swiss"]
[EventRounds "7"]
[EventCountry "CAN"]

1. e4 c5 2. d4 cxd4 3. c3 dxc3 4. Nxc3 Nc6 5. Nf3 d6 6. Bc4 e6 7. O-O Be7 8. Qe2 a6 9. Rd1 b5 10. Bb3 Bb7 11. Bf4 Qc7 12. Rac1 Rd8 13. Nd5 exd5 14. exd5 Nd4 15. Nxd4 Qd7 16. Nc6 Rc8 17. Re1 h6 18. a4 Bxc6 19. dxc6 Rxc6 20. Rxc6 Qxc6 21. Bxf7+ Kxf7 22. Qe6+ Kf8 23. Rc1 Qb6 24. Rc8+ Bd8 25. Bxd6+ Ne7 26. Bxe7+ Ke8 27. Bd6# 1-0

[Event "Paul Keres mem (26th)"]
[Site "Vancouver CAN"]
[Date "2001.05.20"]
[Round "5.23"]
[White "Holubowicz, Kazimiercz"]
[Black "Bouvier, Jesse"]
[Result "0-1"]
[WhiteElo "1634"]
[BlackElo "2020"]
[PlyCount "90"]
[GameId "2160767911564774"]
[EventDate "2001.05.18"]
[EventType "swiss"]
[EventRounds "7"]
[EventCountry "CAN"]

1. e4 d6 2. f4 Nf6 3. c3 e5 4. d3 Nc6 5. Nf3 Be7 6. Be2 O-O 7. Be3 Re8 8. f5 d5 9. Qc2 b6 10. Nbd2 Ba6 11. Qa4 Bb7 12. b4 d4 13. cxd4 exd4 14. Bg5 Bxb4 15. Rc1 Bc3 16. O-O h6 17. Bh4 Ne5 18. Bxf6 Qxf6 19. h3 c5 20. Nb1 Ba5 21. Nxe5 Qxe5 22. Rf3 Rec8 23. Rcf1 Bc6 24. Qb3 b5 25. Qa3 Bb6 26. Nd2 a5 27. Qb2 c4 28. Nxc4 bxc4 29. Qxb6 Rab8 30. Qa6 c3 31. Bd1 Ra8 32. Qb6 Rab8 33. Qa6 Qc5 34. Bb3 Bb5 35. Bxf7+ Kxf7 36. Qe6+ Kf8 37. f6 g6 38. f7 Rb6 39. Qb3 c2 40. Rf5 c1=Q 41. e5 Qe3+ 42. Kh2 Bxd3 43. R1f3 Bxf5 44. Rxf5 Qexe5+ 45. Rxe5 Qxe5+ 0-1

[Event "Paul Keres mem (26th)"]
[Site "Vancouver CAN"]
[Date "2001.05.20"]
[Round "5.24"]
[White "Ivankovic, Goran"]
[Black "Nishida, Harold"]
[Result "1-0"]
[WhiteElo "2007"]
[BlackElo "2010"]
[PlyCount "79"]
[GameId "2160767911564775"]
[EventDate "2001.05.18"]
[EventType "swiss"]
[EventRounds "7"]
[EventCountry "CAN"]

1. e4 c5 2. Nf3 d6 3. Bb5+ Bd7 4. Qe2 Nc6 5. c3 g6 6. O-O Bg7 7. Rd1 Qc7 8. d4 Nf6 9. Bf4 cxd4 10. cxd4 O-O 11. Nc3 a6 12. Bd3 Qb6 13. Be3 Ng4 14. Nd5 Qd8 15. Rac1 e6 16. Nc3 Nxe3 17. Qxe3 Qb6 18. d5 Qxe3 19. fxe3 Ne5 20. Nxe5 Bxe5 21. Ne2 Rac8 22. Nd4 exd5 23. exd5 Rfe8 24. Kf2 Bxd4 25. exd4 f6 26. Rc3 Rxc3 27. bxc3 b5 28. a4 Rc8 29. axb5 axb5 30. Rc1 Kf7 31. Ke3 Ke7 32. Kd2 Kd8 33. Rb1 Rb8 34. c4 b4 35. c5 dxc5 36. dxc5 Kc7 37. Ke3 Ba4 38. Kd4 b3 39. Kc3 Kd7 40. Bc4 1-0

[Event "Paul Keres mem (26th)"]
[Site "Vancouver CAN"]
[Date "2001.05.20"]
[Round "5.25"]
[White "Jose, Marionito"]
[Black "Sullivan, Brian"]
[Result "0-1"]
[WhiteElo "1850"]
[BlackElo "1738"]
[PlyCount "64"]
[GameId "2160767911564776"]
[EventDate "2001.05.18"]
[EventType "swiss"]
[EventRounds "7"]
[EventCountry "CAN"]

1. e4 c5 2. f4 d6 3. Nc3 Nc6 4. Nf3 Nf6 5. Bc4 e6 6. d3 a6 7. a4 Be7 8. O-O Bd7 9. Re1 O-O 10. e5 Ne8 11. exd6 Nxd6 12. Ne5 Nxe5 13. fxe5 Nxc4 14. dxc4 Bc6 15. Be3 Qxd1 16. Raxd1 Rad8 17. b3 b6 18. Bf4 Rxd1 19. Rxd1 Rd8 20. Rxd8+ Bxd8 21. Kf2 f6 22. exf6 gxf6 23. g3 Kf7 24. Bd2 f5 25. Ke3 h5 26. Be1 Bc7 27. Bf2 h4 28. Ne2 hxg3 29. Bxg3 e5 30. Bf2 f4+ 31. Kd2 e4 32. Bg1 Kf6 0-1

[Event "Paul Keres mem (26th)"]
[Site "Vancouver CAN"]
[Date "2001.05.29"]
[Round "6"]
[White "Jiganchine, Roman"]
[Black "Harmon, Clark"]
[Result "0-1"]
[WhiteElo "2105"]
[BlackElo "2181"]
[PlyCount "144"]
[GameId "2160767911564777"]
[EventDate "2001.05.18"]
[EventType "swiss"]
[EventRounds "7"]
[EventCountry "CAN"]
[SourceTitle "CBM 082 Extra"]
[Source "ChessBase"]
[SourceDate "2001.07.03"]
[SourceVersion "1"]
[SourceVersionDate "2001.07.03"]
[SourceQuality "1"]

1. e4 Nf6 2. e5 Nd5 3. d4 d6 4. c4 Nb6 5. f4 dxe5 6. fxe5 Nc6 7. Be3 Bf5 8. Nc3 e6 9. Be2 Bb4 10. Nf3 Qd7 11. O-O Bg6 12. Rc1 Na5 13. c5 Nbc4 14. Bxc4 Nxc4 15. Qe2 Nxe3 16. Qxe3 Bxc3 17. bxc3 Qd5 18. Rf2 Qe4 19. Qd2 O-O 20. Ng5 Qd3 21. Qf4 h6 22. Nf3 Qe4 23. Qd2 b6 24. cxb6 axb6 25. Qb2 Ra7 26. Re2 Qf4 27. Rce1 Bd3 28. Rf2 Rfa8 29. Ra1 Qe4 30. a3 Ra4 31. h3 Qd5 32. Qd2 Bc4 33. Qc1 Qd8 34. Nd2 Bd3 35. Rf3 Bg6 36. Nf1 c5 37. dxc5 bxc5 38. Ng3 Qg5 39. Qxg5 hxg5 40. Re3 Rxa3 41. Rxa3 Rxa3 42. Kf2 c4 43. Kf3 Bd3 44. Ne4 Kf8 45. Nxg5 Rxc3 46. Ne4 Rc1 47. Nc5 Bg6 48. Na4 Rf1+ 49. Ke2 Ra1 50. Nc3 Ke7 51. g4 Rh1 52. Nd1 Bd3+ 53. Kd2 Rh2+ 54. Ke1 Rc2 55. Nf2 Bg6 56. Nd1 Kd7 57. h4 Bh7 58. Rf3 Ke7 59. h5 Ra2 60. Nf2 Ra5 61. Re3 Kd7 62. Nh3 Kc6 63. Ng5 Bd3 64. Kd2 Ra2+ 65. Kc1 Rf2 66. Nh3 Rf1+ 67. Kd2 Kd5 68. Ng5 Rf2+ 69. Ke1 Rf4 70. Kd2 Rxg4 71. Nxf7 Kd4 72. Re1 Rg2+ 0-1

[Event "Paul Keres mem (26th)"]
[Site "Vancouver CAN"]
[Date "2001.05.29"]
[Round "6"]
[White "Stanford, Mike"]
[Black "Yoos, John"]
[Result "0-1"]
[WhiteElo "2257"]
[BlackElo "2346"]
[PlyCount "43"]
[GameId "2160767911564778"]
[EventDate "2001.05.18"]
[EventType "swiss"]
[EventRounds "7"]
[EventCountry "CAN"]
[SourceTitle "CBM 082 Extra"]
[Source "ChessBase"]
[SourceDate "2001.07.03"]
[SourceVersion "1"]
[SourceVersionDate "2001.07.03"]
[SourceQuality "1"]

1. e4 c5 2. Nf3 d6 3. d4 cxd4 4. Nxd4 Nf6 5. Nc3 g6 6. Be3 Bg7 7. f3 Nc6 8. Qd2 O-O 9. Bc4 Bd7 10. O-O-O Ne5 11. Bb3 Qa5 12. Kb1 Rfc8 13. g4 Nc4 14. Bxc4 Rxc4 15. Nb3 Qa6 16. e5 Nxg4 17. fxg4 Bxg4 18. exd6 Bxd1 19. Rxd1 Qxd6 20. Qe2 Qe6 21. Qd3 Rcc8 22. Nd5 0-1

[Event "Paul Keres mem (26th)"]
[Site "Vancouver CAN"]
[Date "2001.05.29"]
[Round "6"]
[White "Valvo, Michael"]
[Black "Morgan, Ben"]
[Result "1/2-1/2"]
[WhiteElo "2368"]
[BlackElo "2178"]
[PlyCount "95"]
[GameId "2160767911564779"]
[EventDate "2001.05.18"]
[EventType "swiss"]
[EventRounds "7"]
[EventCountry "CAN"]
[SourceTitle "CBM 082 Extra"]
[Source "ChessBase"]
[SourceDate "2001.07.03"]
[SourceVersion "1"]
[SourceVersionDate "2001.07.03"]
[SourceQuality "1"]

1. e4 c5 2. Nf3 Nc6 3. d4 cxd4 4. Nxd4 g6 5. c4 Bg7 6. Be3 Nf6 7. Nc3 O-O 8. Be2 d6 9. O-O Bd7 10. Qd2 Nxd4 11. Bxd4 Bc6 12. f3 a5 13. Rab1 Nd7 14. Be3 Nc5 15. b3 Be5 16. a3 e6 17. Bf4 Bxf4 18. Qxf4 e5 19. Qd2 Ne6 20. Bd1 Qb6+ 21. Kh1 Qc5 22. Qc1 Qa7 23. Rb2 Qb8 24. Qd2 Qc7 25. Qe3 Qe7 26. Rd2 Rfd8 27. Bc2 Qc7 28. Rfd1 b6 29. Kg1 Nd4 30. Ne2 Ne6 31. f4 Bb7 32. f5 Qc5 33. Qxc5 Nxc5 34. fxg6 Bxe4 35. gxh7+ Kxh7 36. Rf1 Kg6 37. Nc3 Bxc2 38. Rxc2 Nxb3 39. Rcf2 Ra7 40. Nd5 Nd4 41. Rf6+ Kg7 42. g3 Rc8 43. Rxd6 Rxc4 44. Rxb6 Rc2 45. Ne3 Ra2 46. Nf5+ Nxf5 47. Rxf5 Rc7 48. Rg5+ 1/2-1/2

[Event "Paul Keres mem (26th)"]
[Site "Vancouver CAN"]
[Date "2001.05.21"]
[Round "6.1"]
[White "Orlov, Georgi"]
[Black "Boehmer, Kris"]
[Result "1-0"]
[WhiteElo "2592"]
[BlackElo "2125"]
[PlyCount "48"]
[GameId "2160767911564780"]
[EventDate "2001.05.18"]
[EventType "swiss"]
[EventRounds "7"]
[EventCountry "CAN"]

1. d4 Nf6 2. c4 e6 3. Nc3 Bb4 4. Nf3 b6 5. e3 Bb7 6. Bd3 O-O 7. O-O Bxc3 8. bxc3 d6 9. Qc2 Nbd7 10. e4 e5 11. Bg5 h6 12. Bd2 Nh5 13. Ne1 g5 14. g3 Kh8 15. Qd1 Ndf6 16. Ng2 Bxe4 17. Bxe4 Nxe4 18. Qxh5 Nxd2 19. Qxh6+ Kg8 20. Ne3 Ne4 21. Nd5 f5 22. f3 Nd2 23. Rf2 Nxc4 24. h4 c6 1-0